Olympia domata, or, An almanack for the year of our Lord God 1697 : being the 1st after bissextile or leap-year and from the worlds creation 5646 : wherein is contained the lunations, conjunctions, and aspects of the planets, the increase, decrease, and length of the day and night, with the rising, southing, and setting of the planets and fixed stars throughout the year ... calculated according to art and referred to the horizon of ... Stamford ... /

Bibliographic Details
Main Author: Wing, John, 1643-1726
Format: eBook
Language:English
Published: Cambridge [Cambridgeshire] : Printed by John Hayes, 1697.
Series:Early English books online.
Subjects:
Online Access:Connect to the full text of this electronic book

MARC

Tag First Indicator Second Indicator Subfields
LEADER 00000nam a2200000Ia 4500
001 in00004241069
005 20200807091608.0
006 m g d
007 cr bn |||a|bb|
008 831116s1697 enk o 00| | eng d
035 |a (OCoLC)10136707 
040 |a UMI  |c UMI  |d WaOLN 
037 |a CL0037000047  |b ProQuest Information and Learning. 300 N. Zeeb Rd., Ann Arbor, MI 48106 
043 |a e-uk-en 
045 0 |b d1697 
090 |a AY751.W45  |b O49 1697 
049 |a UMIA 
100 1 |a Wing, John,  |d 1643-1726. 
245 1 0 |a Olympia domata, or, An almanack for the year of our Lord God 1697 :  |b being the 1st after bissextile or leap-year and from the worlds creation 5646 : wherein is contained the lunations, conjunctions, and aspects of the planets, the increase, decrease, and length of the day and night, with the rising, southing, and setting of the planets and fixed stars throughout the year ... calculated according to art and referred to the horizon of ... Stamford ... /  |c by John Wing. 
260 |a Cambridge [Cambridgeshire] :  |b Printed by John Hayes,  |c 1697. 
300 |a 1 online resource ([48] pages) 
336 |a text  |b txt  |2 rdacontent 
337 |a computer  |b c  |2 rdamedia 
338 |a online resource  |b cr  |2 rdacarrier 
500 |a Reproduction of original in the Huntington Library. 
510 4 |a Wing  |c A2788. 
533 |a Electronic reproduction.  |b Ann Arbor, Mich. :  |c UMI,  |d 1999-  |f (Early English books online)  |n Digital version of: (Early English books, 1641-1700 ; 1374:48)  |7 s1999 miun s 
650 0 |a Almanacs, English. 
650 0 |a Astrology  |v Early works to 1800. 
650 0 |a Ephemerides. 
740 0 |a Olympia domata. 
740 0 |a Almanack for the year of our Lord God 1697. 
830 0 |a Early English books online. 
856 4 0 |u http://proxy.library.tamu.edu/login?url=https://search.proquest.com/docview/2240949059  |z Connect to the full text of this electronic book  |t 0 
999 f f |s e00fe1d3-1f74-34c8-9133-8fd7c1745a7b  |i 24c10153-e5fd-330e-8e42-799f073518ae  |t 0 
952 f f |a Texas A&M University  |b College Station  |c Electronic Resources  |d Available Online  |t 0  |e AY751.W45 O49 1697  |h Library of Congress classification 
998 f f |a AY751.W45 O49 1697  |t 0  |l Available Online